Temps Français à Espagnol - Statistiques

Statistiques générales
  • Ce quiz a été pris 113 fois
  • Le résultat moyen est 26 sur 36
Statistiques - réponses
Hint Réponse % Correct
Mardi Martes
97%
Lundi Lunes
94%
Mercredi Miercoles
93%
Aujourd'hui Hoy
90%
Jeudi Jueves
90%
Demain Mañana
90%
Vendredi Viernes
88%
Le matin La mañana
87%
La nuit La noche
87%
La semaine La semana
85%
Dimanche Domingo
83%
Mai Mayo
83%
Septembre Septiembre
83%
Avril Abril
80%
Novembre Noviembre
80%
Samedi Sabado
80%
Maintenant Ahora
78%
Mars Marzo
78%
Février Febrero
77%
Janvier Enero
76%
L'après-midi La tarde
76%
Octobre Octubre
76%
Juillet Julio
74%
Hier Ayer
70%
Juin Junio
69%
Août Agosto
63%
Décembre Deciembre
63%
Le mois El mes
62%
Plus tard Más tarde
58%
La fin de semaine El fin de semana
51%
Le printemps La primavera
49%
Minuit Medianoche
45%
L'été El verano
43%
Midi Mediodia
38%
L'hiver El invierno
31%
L'automne El otoño
27%
Aucun quiz correspondant
Distribution des résultats
% des personnes avec chaque résultat
Percentile par nombre de réponses
Votre historique - résultats
Vous n’avez pas pris ce quiz